Eight photographs /

Bibliographic Details
Main Author: Krims, Leslie
Format: Book
Language:English
Published: New York : Doubleday, 1970]
Series:Projections photography portfolios
Subjects:

MARC

Tag First Indicator Second Indicator Subfields
LEADER 00000cam a2200000 4500
001 in00000094688
005 20150927110527.0
008 701211s1970 nyuf 00000 eng
010 |a  72018938  
035 |a (OCoLC)00104304 
035 |9 AAL6559AM 
040 |a DLC  |c DLC  |d TXA  |d UtOrBLW 
049 |a TXAM 
050 0 0 |a TR647.K7  |b A45 
082 0 |a 779/.0924 
100 1 |a Krims, Leslie. 
245 1 0 |a Eight photographs /  |c [Introd. by A. D. Coleman. 
264 1 |a New York :  |b Doubleday,  |c 1970] 
300 |a 1 portfolio (2 unnumbered pages ., 8 unnumbered plates) ;  |c 37 x 29 cm. 
336 |a text  |b txt  |2 rdacontent 
337 |a unmediated  |b n  |2 rdamedia 
338 |a volume  |b nc  |2 rdacarrier 
490 0 |a Projections photography portfolios 
650 0 |a Photography, Artistic. 
999 |a MARS 
999 f f |s 022981ff-ce0e-344d-bc51-a737d300d9a7  |i b159fcbf-bb8a-373a-902c-b234d5154ced  |t 0 
952 f f |p ric  |a Texas A&M University  |b Rellis Campus  |c Joint Library Facility  |d Remote Storage  |t 0  |e TR647.K7 A45  |f Oversize  |h Library of Congress classification  |i unmediated -- volume  |m A14823299722 
998 f f |a TR647.K7 A45  |t 0  |l Remote Storage